000
00251nam a22001097a 4500
008
170116b xxu||||| |||| 00| 0 eng d
020
_a
9780721692999
041
_a
eng
080
_2
7TH
_a
618.2
245
_a
MUSCLE TESTING
_c
HISLOP, H.J
942
_2
udc
_c
BK
999
_c
2927
_d
2927